000
00211 a2200097 4500
001
46923
100
_a
Messenger C
245
_a
the art of blitzkrieg
260
_a
London
_b
Ian Allan
_c
090
_c
30002
_d
30002
942
_a
NUST-CAE
_c
M
_c
22229
999
_c
281996
_d
281996